Φορτώνει......

Life of Adam Smith

Λεπτομέρειες βιβλιογραφικής εγγραφής
Κύριος συγγραφέας: Ross, Ian Simpson
Μορφή: Printed Book
Έκδοση: Clarendon Press, Oxford 1995
Θέματα:
LEADER 00458nam a2200193 4500
020
082 |a 330 ROS-L 
100 |a Ross, Ian Simpson 
245 |a Life of Adam Smith 
250
260 |a Clarendon Press, Oxford  |c 1995 
300
490
500
590
650 |a Economics 
942 |c BK 
999 |c 113155  |d 113155 
952 |0 0  |1 0  |4 0  |6 330_000000000000000_ROSL  |7 0  |9 126622  |a ECN  |b ECN  |l 0  |o 330 ROS-L  |p ECN10181  |r 2019-09-25  |w 2019-09-25  |y BK